British Desserts Quiz Stats

 Plays Quiz Updated Oct 25, 2014

Score 0/15 Timer 04:00
32 Plays Today
% Correct
Christmas pudding
94.8%
Apple and blackberry crumble
94.7%
Trifle
92.6%
Gooseberry fool
89.7%
Summer pudding
88.6%
Bakewell pudding
88.6%
Queen of puddings
86%
Spotted dick
80.5%
% Correct
Eton mess
80.2%
Manchester pudding
79.4%
Sussex pond pudding
78.3%
Syllabub
69.1%
Poor knights of Windsor
65.7%
Cranachan
63.8%
Junket
57.8%

You're not logged in!

Compare scores with friends on all Sporcle quizzes.
OR
Log In

You Might Also Like...

Show Comments

Extras

Top Quizzes Today


Score Distribution

Your Account Isn't Verified!

In order to create a playlist on Sporcle, you need to verify the email address you used during registration. Go to your Sporcle Settings to finish the process.

Report this User

Report this user for behavior that violates our Community Guidelines.

Details: